|
|
|
|
| LEADER |
00000nam0a2200000 4500 |
| 001 |
18188 |
| 005 |
20231030191212.0 |
| 010 |
|
|
|a 5705600054
|
| 035 |
|
|
|a (RuTPU)RU\TPU\book\18337
|
| 035 |
|
|
|a BOOK00003025
|
| 090 |
|
|
|a 18188
|
| 100 |
|
|
|a 20011209d1993 km y0rusy50 ca
|
| 101 |
1 |
|
|a rus
|c nor
|
| 102 |
|
|
|a RU
|
| 105 |
|
|
|a y z 000zy
|
| 200 |
0 |
|
|a Кн. 4 : Экономика переходного периода. Кн. 2
|
| 210 |
|
|
|d 1993
|
| 215 |
|
|
|a 206 с.
|
| 333 |
|
|
|a Исключено из фонда НТБ ТПУ
|
| 461 |
|
|
|t Рыночная экономика
|o В 15-ти кн.
|v Кн. 4 : Экономика переходного периода. Кн. 2
|f А. Исаксен, К. Гамильтон, Т. Гулфасон
|o пер. с норв.
|d 1993
|
| 801 |
|
0 |
|a RU
|b 63413507
|c 20011209
|g PSBO
|
| 801 |
|
2 |
|a RU
|b 63413507
|c 20170324
|g PSBO
|
| 942 |
|
|
|c BK
|